| 000 | 00633nam a22002293a 4500 | ||
|---|---|---|---|
| 005 | 20251203063945.0 | ||
| 008 | 011016s1996 mx fr 000 0 spa d | ||
| 020 | _a9507011447 | ||
| 035 | _aUPN01000113100 | ||
| 049 | _aCG | ||
| 050 | 4 |
_aZ711.4 _bP3.8 1996 |
|
| 100 | 1 | _aPasut, Marta | |
| 245 | 1 | 0 |
_aViviendo la literatura : _ben busca del lector perdido / _cMarta Pasut. |
| 260 |
_aArgentina : _bAique, _c1996 |
||
| 300 | _a149 p. | ||
| 440 | 0 | _aEstrategias de aula) | |
| 650 | 4 |
_aIntereses en la lectura _94851 |
|
| 650 | 4 |
_aLiteratura _xEstudio y enseƱanza _97638 |
|
| 901 | _a179169 | ||
| 902 | _aMEEG/ | ||
| 905 | _aLibro | ||
| 999 |
_c87008 _d87008 |
||